00315nam a2200121Ia 4500008004100000020001200041050001500053100001900068245003700087260003200124300002400156650001300180150202s9999 xx 000 0 und d a6176496 aFIC bFIC  aIsaacs, Susan. aShining through /cSusan Isaacs. aNew York :bFontana,c1989. a473 pages :c18 cm. aFiction.